000 01525nam0a2200349 4500
001 RU\NLR\BIBL_A\011576412
005 20250626094329.0
010 _a978-5-98340-242-3
_910
021 _aRU
_b2017-93987
_96741
035 _a(RuMoRGB)009479603
035 _a(NLR Aleph) 011576412
090 _a10824863
_c10824863
100 _a20171229d2010 |||y0rusy50 ca
101 0 _arus
102 _aRU
105 _aa|||zzzz0|1zy
200 1 _aРавновесная термодинамика в молекулярной спектроскопии
_fС. М. Меликова, К. С. Рутковский
_gСанкт-Петербургский государственный университет, Физический факультет
210 _aСанкт-Петербург
_cСоло
_d2010
215 _a18, [1] с.
_cил., табл.
_d20
320 _aБиблиогр. в конце кн.
606 1 _aМолекулярный спектральный анализ
_92272043
_3RU\NLR\AUTH\661361723
606 1 _aТермодинамика равновесных процессов
_92121995
_3RU\NLR\AUTH\661281252
686 _aГ531я73-1
_2rubbk
686 _aВ344.33я73-1
_2rubbk
686 1 _aВ344.3
686 1 _aВ36
700 1 _aМеликова
_bС. М.
_gСона Меджидовна
701 1 _aРутковский
_bК. С.
_gКонстантин Станиславович
942 _cBOOK
980 _aNB